| 000 | 00617nam a22002057a 4500 | ||
|---|---|---|---|
| 005 | 20251013151610.0 | ||
| 008 | 251013b |||||||| |||| 00| 0 eng d | ||
| 020 | _a9788121920711 | ||
| 040 | _cAL | ||
| 041 | _aEnglish | ||
| 082 |
_a621.366 _bAVAI |
||
| 100 |
_aM N Avadhanulu _9242142 |
||
| 245 |
_aIntroduction to lasers _b: theory and applications |
||
| 260 |
_aNew Delhi _bS Chand and Company Limited _c2022 |
||
| 300 |
_avii,200p _bPB _c23.5x16.5 cm. |
||
| 365 |
_aABDI/0818/25 _b₹195.00 _c₹ _d260.00 _e25% _f03-10-2025 |
||
| 650 |
_aEngineering _9242061 |
||
| 700 |
_aHemne, P S _9242062 |
||
| 942 |
_2ddc _cBK |
||
| 999 |
_c240528 _d240528 |
||